[Event "Oberhausener SV 2 - SG Gladbeck 1"]
[Site "Verbandsklasse - Gruppe 1 202"]
[Date "2021.10.24"]
[Round "1.1"]
[White "Hassenrueck, Helmut"]
[Black "Joergens, Markus"]
[Result "0-1"]
[WhiteElo "2088"]
[BlackElo "1980"]
[PlyCount "100"]
[EventDate "2021.??.??"]
[WhiteTeam "SG Gladbeck 1"]
[BlackTeam "Oberhausener SV 2"]

1. d4 d5 2. Nf3 c6 3. c4 e6 4. e3 Nf6 5. Nbd2 Bd6 6. Bd3 Nbd7 7. O-O b6 8. e4
dxe4 9. Nxe4 Nxe4 10. Bxe4 Bb7 11. Qe2 Qc7 12. Bd2 O-O 13. Bc3 Rfe8 14. Ne5 Nf6
15. Bc2 c5 16. dxc5 Bxc5 17. Rfe1 Bf8 18. Rad1 Red8 19. b4 Rac8 20. a4 Rxd1 21.
Rxd1 Rd8 22. Rxd8 Qxd8 23. f3 Qc7 24. Qd3 Qd6 25. Ng4 Qxd3 26. Nxf6+ gxf6 27.
Bxd3 f5 28. Kf2 Bg7 29. Bxg7 Kxg7 30. Ke3 Kf6 31. c5 bxc5 32. bxc5 Ke5 33. Bc4
f4+ 34. Kd3 a5 35. Kc3 h6 36. Bd3 Bc6 37. Bb5 Kd5 38. Bxc6+ Kxc6 39. Kc4 e5 40.
g4 fxg3 41. hxg3 h5 42. Kd3 Kxc5 43. Ke4 Kb4 44. Kxe5 Kxa4 45. Kf6 Kb3 46. Kxf7
a4 47. f4 a3 48. f5 a2 49. f6 a1=Q 50. Kg6 Qg1 0-1

[Event "Oberhausener SV 2 - SG Gladbeck 1"]
[Site "Verbandsklasse - Gruppe 1 202"]
[Date "2021.10.24"]
[Round "1.2"]
[White "Groß, Thomas"]
[Black "Frohne, Gerd"]
[Result "1/2-1/2"]
[WhiteElo "1956"]
[BlackElo "2041"]
[PlyCount "100"]
[EventDate "2021.??.??"]
[WhiteTeam "Oberhausener SV 2"]
[BlackTeam "SG Gladbeck 1"]

1. Nf3 d5 2. g3 Nf6 3. Bg2 c6 4. c4 Bf5 5. Qb3 Qb6 6. d3 dxc4 7. Qxc4 e6 8. O-O
Nbd7 9. Be3 Qb4 10. Nbd2 h6 11. a3 Qxc4 12. Nxc4 g5 13. Na5 Rb8 14. b4 Nb6 15.
Bd4 Be7 16. Be5 O-O 17. Bxb8 Rxb8 18. Rfc1 Nfd7 19. Rab1 Bf6 20. Nd2 Na4 21.
Ndc4 Ndb6 22. Rc2 Nc3 23. Rb3 Nb5 24. e3 e5 25. Nxb7 Nxc4 26. Rxc4 Rxb7 27.
Rxc6 Rb6 28. a4 Rxc6 29. Bxc6 Be6 30. Rb2 Nd6 31. Rc2 Kf8 32. Bg2 Bd8 33. Rc6
Nc8 34. Ra6 Be7 35. Bb7 Bxb4 36. Bxc8 Bxc8 37. Rxa7 Bf5 38. Rb7 Bc3 39. Rb3 Bd2
40. Rb2 Bc3 41. Rb3 Bd2 42. Kf1 Bd7 43. Ke2 Ba5 44. Rb8+ Ke7 45. Rh8 Bc3 46.
Rxh6 Bxa4 47. g4 Bd7 48. f3 Be6 49. h4 gxh4 50. Rxh4 Kf6 1/2-1/2

[Event "Oberhausener SV 2 - SG Gladbeck 1"]
[Site "Verbandsklasse - Gruppe 1 202"]
[Date "2021.10.24"]
[Round "1.3"]
[White "Berg, Dietmar"]
[Black "Krueger, André"]
[Result "1/2-1/2"]
[WhiteElo "1962"]
[BlackElo "1946"]
[PlyCount "58"]
[EventDate "2021.??.??"]
[WhiteTeam "SG Gladbeck 1"]
[BlackTeam "Oberhausener SV 2"]

1. d4 d5 2. Nf3 e6 3. e3 Nf6 4. Bd3 c5 5. c3 c4 6. Bc2 b5 7. Nbd2 Bb7 8. Ne5
Nbd7 9. f4 Ne4 10. Qf3 Ndf6 11. O-O Be7 12. Qh3 O-O 13. Ndf3 a5 14. g4 Ra6 15.
g5 Ne8 16. Bd2 Rb6 17. Be1 N8d6 18. Nd2 Nf5 19. Qf3 f6 20. gxf6 gxf6 21. Ng4
Ned6 22. Kh1 Kh8 23. Qh3 Rg8 24. Nf3 Rxg4 25. Qxg4 Nxe3 26. Qh3 Nxc2 27. Rc1
Nxe1 28. Rcxe1 Ne4 29. Re2 Bc8 1/2-1/2

[Event "Oberhausener SV 2 - SG Gladbeck 1"]
[Site "Verbandsklasse - Gruppe 1 202"]
[Date "2021.10.24"]
[Round "1.4"]
[White "Gerst, Michael"]
[Black "Kruse, Peter"]
[Result "1/2-1/2"]
[WhiteElo "1901"]
[BlackElo "1968"]
[PlyCount "33"]
[EventDate "2021.??.??"]
[WhiteTeam "Oberhausener SV 2"]
[BlackTeam "SG Gladbeck 1"]

1. Nf3 Nf6 2. g3 d5 3. Bg2 e6 4. O-O Bd6 5. d3 O-O 6. Nbd2 Nbd7 7. e4 c6 8. c3
Qc7 9. Qc2 b6 10. Re1 c5 11. d4 dxe4 12. Nxe4 Nxe4 13. Qxe4 Bb7 14. Qh4 Rfe8
15. Be3 Be7 16. Qf4 Bd6 17. Qh4 1/2-1/2

[Event "Oberhausener SV 2 - SG Gladbeck 1"]
[Site "Verbandsklasse - Gruppe 1 202"]
[Date "2021.10.24"]
[Round "1.6"]
[White "Stefaniak, Christian"]
[Black "Wenzel, Martin"]
[Result "1/2-1/2"]
[WhiteElo "1871"]
[BlackElo "1893"]
[PlyCount "80"]
[EventDate "2021.??.??"]
[WhiteTeam "Oberhausener SV 2"]
[BlackTeam "SG Gladbeck 1"]

1. e4 c6 2. d4 d5 3. exd5 cxd5 4. Bd3 Nc6 5. c3 Nf6 6. Bf4 Qb6 7. Qb3 Qxb3 8.
axb3 h6 9. Nf3 g5 10. Be5 Bg7 11. h3 Nxe5 12. Nxe5 O-O 13. O-O Nd7 14. Nxd7
Bxd7 15. Re1 e6 16. Nd2 f6 17. b4 Kf7 18. Nb3 e5 19. Nc5 Bc8 20. dxe5 fxe5 21.
Be2 Rd8 22. Bf3 e4 23. Be2 Kg6 24. Rad1 d4 25. Nxe4 Bf5 26. Bf3 Rac8 27. Rc1 b6
28. cxd4 Rxc1 29. Rxc1 Rxd4 30. Rc6+ Kh7 31. Nf6+ Bxf6 32. Rxf6 Bg6 33. b5 Rb4
34. Bc6 Rxb2 35. Rd6 Rb1+ 36. Kh2 Ra1 37. Rd7+ Kh8 38. Bb7 Bc2 39. Ba6 Ba4 40.
Kg3 Rb1 1/2-1/2

[Event "Oberhausener SV 2 - SG Gladbeck 1"]
[Site "Verbandsklasse - Gruppe 1 202"]
[Date "2021.10.24"]
[Round "1.7"]
[White "Rickert, Dirk"]
[Black "Kraus, Kilian"]
[Result "1/2-1/2"]
[WhiteElo "1784"]
[BlackElo "1858"]
[Annotator "daniel"]
[PlyCount "59"]
[EventDate "2021.??.??"]
[WhiteTeam "SG Gladbeck 1"]
[BlackTeam "Oberhausener SV 2"]

1. d4 d5 2. Bf4 Nf6 3. Nf3 e6 4. e3 c5 5. c3 Nc6 6. Nbd2 Be7 7. Bd3 Nh5 8. Bg3
h6 9. Qe2 c4 10. Bc2 b5 11. e4 O-O 12. e5 b4 13. O-O Nxg3 14. hxg3 $11 Qa5 15.
Nxc4 dxc4 16. Qe4 g6 17. Qxc6 Rb8 18. Qa4 Qd5 19. Bb1 bxc3 20. bxc3 Bd7 21. Qc2
Bc6 22. Re1 Ba3 23. Qd2 Kg7 24. Qf4 Bb2 25. Qf6+ Kh7 26. Nh4 Bxa1 27. Bxg6+
fxg6 28. Qxg6+ Kh8 29. Qxh6+ Kg8 30. Qg6+ 1/2-1/2

[Event "Oberhausener SV 2 - SG Gladbeck 1"]
[Site "Verbandsklasse - Gruppe 1 202"]
[Date "2021.10.24"]
[Round "1.8"]
[White "Zimmer, Javier Miguel"]
[Black "Przygodda, Oskar"]
[Result "1/2-1/2"]
[WhiteElo "1722"]
[BlackElo "1644"]
[PlyCount "99"]
[EventDate "2021.??.??"]
[WhiteTeam "Oberhausener SV 2"]
[BlackTeam "SG Gladbeck 1"]

1. d4 d5 2. Bf4 e6 3. e3 Bd6 4. Bg3 Nf6 5. Nd2 O-O 6. Ngf3 b6 7. Bd3 Ba6 8.
Bxa6 Nxa6 9. c3 Nb8 10. Ne5 Ne4 11. Nxe4 dxe4 12. Qg4 f5 13. Qh5 Qe8 14. Qxe8
Rxe8 15. Nc4 Bxg3 16. hxg3 Nd7 17. Ke2 Nf6 18. Ne5 c5 19. Rac1 Rac8 20. a4 Re7
21. Rcd1 Rec7 22. a5 b5 23. dxc5 Rxc5 24. Nd7 Nxd7 25. Rxd7 a6 26. Rhd1 b4 27.
cxb4 Rc2+ 28. R1d2 Kf8 29. f3 R8c6 30. fxe4 fxe4 31. R7d4 R6c4 32. b3 Rxd4 33.
exd4 Rc3 34. Rb2 Rc7 35. Ke3 Rb7 36. Kxe4 Rxb4 37. Ke5 Ke7 38. Rc2 Rb5+ 39. Rc5
Rxb3 40. Rc7+ Kf8 41. Kxe6 Re3+ 42. Kd6 Rxg3 43. d5 Rxg2 44. Ke5 Re2+ 45. Kf5
g6+ 46. Kf6 Rf2+ 47. Ke6 Re2+ 48. Kf6 Rf2+ 49. Ke6 Re2+ 50. Kf6 1/2-1/2

[Event "SC Doppelbauer Brambauer 1 - SF Brackel"]
[Site "Verbandsklasse - Gruppe 2 202"]
[Date "2021.10.24"]
[Round "1.1"]
[White "Althoff, Ralph"]
[Black "Schulz, Hartmut"]
[Result "0-1"]
[WhiteElo "1969"]
[BlackElo "2022"]
[PlyCount "56"]
[EventDate "2021.??.??"]
[WhiteTeam "SF Brackel 3"]
[BlackTeam "SC Doppelbauer Brambauer 1"]

1. d4 d5 2. Bf4 e6 3. e3 Bd6 4. Bg3 f5 5. Nf3 Nf6 6. Nbd2 O-O 7. Ne5 Nbd7 8.
Ndf3 Ne4 9. Nd3 Qe7 10. Nfe5 Nxg3 11. hxg3 Bxe5 12. dxe5 c5 13. b3 c4 14. Nf4
Qb4+ 15. Qd2 Qxd2+ 16. Kxd2 Nxe5 17. bxc4 dxc4 18. Kc3 Bd7 19. Kd4 Ng4 20. Bxc4
Rfd8 21. f3 Bb5+ 22. Kc5 Bxc4 23. Kxc4 Nxe3+ 24. Kb3 e5 25. Ne6 Rd6 26. Rae1
Rb6+ 27. Ka4 Nc4 28. Rh4 Rc8 0-1

[Event "SC Doppelbauer Brambauer 1 - SF Brackel"]
[Site "Verbandsklasse - Gruppe 2 202"]
[Date "2021.10.24"]
[Round "1.2"]
[White "Remmler, Volker"]
[Black "Al Tarboush, Hussam"]
[Result "1-0"]
[WhiteElo "2008"]
[BlackElo "1973"]
[PlyCount "43"]
[EventDate "2021.??.??"]
[WhiteTeam "SC Doppelbauer Brambauer 1"]
[BlackTeam "SF Brackel 3"]

1. d4 Nf6 2. c4 e6 3. Nc3 Bb4 4. e3 O-O 5. Bd3 c5 6. Nf3 d5 7. O-O cxd4 8. exd4
dxc4 9. Bxc4 Nc6 10. a3 Be7 11. Bf4 a6 12. d5 exd5 13. Nxd5 Nxd5 14. Bxd5 Bf6
15. Qb3 Na5 16. Qa2 Bg4 17. Ne5 Bh5 18. Rac1 Rc8 19. b4 Qe7 20. Rce1 Rce8 21.
Nxf7 Qxe1 22. Ne5+ 1-0

[Event "SC Doppelbauer Brambauer 1 - SF Brackel"]
[Site "Verbandsklasse - Gruppe 2 202"]
[Date "2021.10.24"]
[Round "1.3"]
[White "Bense, Dirk"]
[Black "Koth, Stefan"]
[Result "1/2-1/2"]
[WhiteElo "1992"]
[BlackElo "2048"]
[PlyCount "34"]
[EventDate "2021.??.??"]
[WhiteTeam "SF Brackel 3"]
[BlackTeam "SC Doppelbauer Brambauer 1"]

1. e4 c5 2. Nf3 e6 3. d4 cxd4 4. Nxd4 a6 5. Bd3 Qc7 6. O-O Nf6 7. Qe2 Nc6 8.
Nxc6 dxc6 9. Nd2 e5 10. h3 Be7 11. a4 a5 12. Nc4 Be6 13. Bd2 O-O 14. Bc3 Bxc4
15. Bxc4 Bb4 16. Bxb4 axb4 17. b3 Rad8 1/2-1/2

[Event "SC Doppelbauer Brambauer 1 - SF Brackel"]
[Site "Verbandsklasse - Gruppe 2 202"]
[Date "2021.10.24"]
[Round "1.4"]
[White "Czeratzki, Michael"]
[Black "Bungarten, Jona"]
[Result "0-1"]
[WhiteElo "1928"]
[BlackElo "1927"]
[PlyCount "72"]
[EventDate "2021.??.??"]
[WhiteTeam "SC Doppelbauer Brambauer 1"]
[BlackTeam "SF Brackel 3"]

1. d4 d5 2. e3 Nf6 3. Nf3 c5 4. c3 Nc6 5. Nbd2 Bf5 6. Bb5 Qb6 7. Qe2 c4 8.
Bxc6+ bxc6 9. Ne5 g6 10. O-O Bg7 11. b3 cxb3 12. axb3 O-O 13. Ba3 Qc7 14. c4
Ne4 15. Nxe4 Bxe4 16. Nd3 Rfe8 17. f3 Bf5 18. Rac1 Qa5 19. Bc5 e5 20. b4 Qa3
21. e4 exd4 22. cxd5 cxd5 23. Nf2 d3 24. Qe3 Rad8 25. g4 Bc8 26. b5 Qa2 27.
Bxa7 dxe4 28. fxe4 d2 29. Rxc8 Rxc8 30. b6 Qb2 31. Kg2 Bd4 32. Qf4 d1=Q 33.
Rxd1 Bxf2 34. Rd2 Rc2 35. Rxf2 Rxf2+ 36. Qxf2 Qb4 0-1

[Event "SC Doppelbauer Brambauer 1 - SF Brackel"]
[Site "Verbandsklasse - Gruppe 2 202"]
[Date "2021.10.24"]
[Round "1.5"]
[White "Tomasjan, Samuel"]
[Black "Bracht, Michael"]
[Result "1-0"]
[WhiteElo "1796"]
[BlackElo "1915"]
[PlyCount "103"]
[EventDate "2021.??.??"]
[WhiteTeam "SF Brackel 3"]
[BlackTeam "SC Doppelbauer Brambauer 1"]

1. e4 d6 2. d4 g6 3. Nc3 Bg7 4. Be3 Nd7 5. f3 e5 6. d5 Ne7 7. Qd2 h6 8. Bc4 f5
9. g3 Nf6 10. Rd1 a6 11. a4 fxe4 12. fxe4 Ng4 13. Nf3 Nxe3 14. Qxe3 Bh3 15. Bf1
Qd7 16. Rd2 O-O 17. Bg2 Bxg2 18. Rxg2 b5 19. b3 c5 20. O-O Kh7 21. Rgf2 Ng8 22.
Kg2 Nf6 23. h3 Rac8 24. Nd2 Kg8 25. axb5 axb5 26. Ra1 Ra8 27. Rff1 Qb7 28. Qe2
Rxa1 29. Rxa1 Rb8 30. Ra5 b4 31. Ncb1 Ra8 32. Nc4 Rxa5 33. Nxa5 Qb6 34. Nc6 Bf8
35. Nd2 Kg7 36. Qf1 Ng8 37. Nc4 Qc7 38. Qa1 Nf6 39. Nd2 h5 40. Qa8 Be7 41. Qa6
Kf7 42. Qc4 Ne8 43. Nf3 Bf6 44. Qf1 Kg7 45. Qa6 Kf8 46. Nd2 Kf7 47. Nc4 Kf8 48.
Na7 Kf7 49. Nb5 Qd7 50. Nbxd6+ Nxd6 51. Qxd6 Qb5 52. Qc7+ 1-0

[Event "SC Doppelbauer Brambauer 1 - SF Brackel"]
[Site "Verbandsklasse - Gruppe 2 202"]
[Date "2021.10.24"]
[Round "1.6"]
[White "Zimmermann, Dirk"]
[Black "Truemper, Michael"]
[Result "1-0"]
[WhiteElo "1861"]
[BlackElo "1867"]
[PlyCount "49"]
[EventDate "2021.??.??"]
[WhiteTeam "SC Doppelbauer Brambauer 1"]
[BlackTeam "SF Brackel 3"]

1. d4 d5 2. c4 c6 3. cxd5 cxd5 4. Nc3 Nf6 5. Nf3 Nc6 6. Bf4 e6 7. e3 Bd6 8. Bg3
a6 9. Rc1 O-O 10. Bd3 Qe7 11. Bh4 Bd7 12. O-O Rfc8 13. e4 Bf4 14. e5 Bxc1 15.
Qxc1 Nb4 16. Bb1 Bb5 17. exf6 Qf8 18. Rd1 Be2 19. Rd2 Bxf3 20. gxf3 gxf6 21.
Rd1 Qg7+ 22. Kh1 Kf8 23. Rg1 Qh8 24. Qh6+ Ke7 25. Rg7 1-0

[Event "SC Doppelbauer Brambauer 1 - SF Brackel"]
[Site "Verbandsklasse - Gruppe 2 202"]
[Date "2021.10.24"]
[Round "1.7"]
[White "Strathoff, Dirk"]
[Black "Jochmann, Christian"]
[Result "1-0"]
[WhiteElo "1867"]
[BlackElo "1880"]
[Annotator "Daniel"]
[PlyCount "81"]
[EventDate "2021.??.??"]
[WhiteTeam "SF Brackel 3"]
[BlackTeam "SC Doppelbauer Brambauer 1"]

1. e4 e6 2. d4 d5 3. exd5 exd5 4. Bd3 Bd6 5. Nf3 Ne7 6. Bg5 f6 7. Bh4 O-O 8.
Bg3 Bf5 9. Bxd6 Qxd6 10. O-O Nbc6 11. Nc3 a6 12. Bxf5 Nxf5 13. Qd3 g6 14. a3
Rfe8 15. Rfe1 Re7 $11 16. Rxe7 Nfxe7 17. Re1 Kf7 18. Ne2 Re8 19. c4 dxc4 20.
Qxc4+ Qd5 21. Qc1 Nf5 22. Nc3 Rxe1+ 23. Qxe1 Qd7 24. d5 Nce7 25. Qe4 c6 26.
dxc6 Nxc6 27. h3 Nfd4 28. Nd5 Nxf3+ 29. Qxf3 Qe6 30. Nf4 Qc4 31. b3 Qc1+ 32.
Kh2 Qxa3 33. Qd5+ Kg7 34. Ne6+ Kh6 35. h4 Qa5 36. Qd7 Qe5+ 37. f4 Qf5 38. Qg7+
Kh5 39. Qxh7+ Kg4 40. Qd7 g5 41. Qd1+ 1-0

[Event "SC Doppelbauer Brambauer 1 - SF Brackel"]
[Site "Verbandsklasse - Gruppe 2 202"]
[Date "2021.10.24"]
[Round "1.8"]
[White "Deckert, Frank"]
[Black "Seref, Serkan"]
[Result "1/2-1/2"]
[WhiteElo "1835"]
[BlackElo "1705"]
[PlyCount "65"]
[EventDate "2021.??.??"]
[WhiteTeam "SC Doppelbauer Brambauer 1"]
[BlackTeam "SF Brackel 3"]

1. c4 e5 2. Nc3 Nc6 3. g3 f5 4. e3 d6 5. Bg2 Nf6 6. Nge2 Be7 7. b3 O-O 8. O-O
Bd7 9. Bb2 Rb8 10. d3 Qe8 11. Qd2 Nd8 12. Nd5 Nxd5 13. cxd5 Nf7 14. Rac1 Qd8
15. Qa5 b6 16. Qa6 Qc8 17. Qc4 Bd8 18. b4 a6 19. f4 Kh8 20. Rfe1 Bb5 21. Qc2
Bd7 22. Ra1 Re8 23. Rec1 Kg8 24. a4 Kh8 25. Nc3 Kg8 26. Re1 Bf6 27. Ne2 g5 28.
Rac1 Bd8 29. Ra1 Bf6 30. Qb3 Kf8 31. Rac1 h6 32. Qc2 Bd8 33. Ra1 1/2-1/2

[Event "SV Welper 2 - SG Werl-Wickede 1"]
[Site "Verbandsklasse - Gruppe 2 202"]
[Date "2021.10.24"]
[Round "1.1"]
[White "Schwarzkopf, Christian"]
[Black "Marx, Patrick"]
[Result "1/2-1/2"]
[WhiteElo "2068"]
[BlackElo "1958"]
[PlyCount "47"]
[EventDate "2021.??.??"]
[WhiteTeam "SG Werl-Wickede 1"]
[BlackTeam "SV Welper 2"]

1. Nf3 d5 2. g3 Nf6 3. Bg2 Bg4 4. c4 c6 5. h3 Bh5 6. O-O e6 7. d3 Nbd7 8. b3
Bd6 9. Bb2 O-O 10. Nbd2 Re8 11. Qc2 h6 12. e4 dxe4 13. Nxe4 Nxe4 14. dxe4 Qc7
15. Qc3 e5 16. Nh4 a5 17. a3 Nc5 18. Rab1 Rad8 19. g4 Bg6 20. Nxg6 fxg6 21. b4
axb4 22. axb4 Na4 23. Qb3 Nxb2 24. Rxb2 1/2-1/2

[Event "SV Welper 2 - SG Werl-Wickede 1"]
[Site "Verbandsklasse - Gruppe 2 202"]
[Date "2021.10.24"]
[Round "1.2"]
[White "Teich, Udo"]
[Black "Stolle, Dietmar"]
[Result "1/2-1/2"]
[WhiteElo "1861"]
[BlackElo "2027"]
[PlyCount "61"]
[EventDate "2021.??.??"]
[WhiteTeam "SV Welper 2"]
[BlackTeam "SG Werl-Wickede 1"]

1. c4 e5 2. Nc3 Nc6 3. Nf3 f5 4. g3 e4 5. Nh4 d6 6. d4 g6 7. Be3 Bg7 8. Qd2
Nge7 9. Ng2 d5 10. Nxd5 Nxd5 11. cxd5 Qxd5 12. Nf4 Qf7 13. h4 O-O 14. Bg2 Rd8
15. d5 Ne5 16. Rc1 c6 17. Bd4 cxd5 18. O-O Nc6 19. Bxg7 Qxg7 20. e3 h6 21. Rfd1
g5 22. hxg5 hxg5 23. Ne2 Ne5 24. Nd4 Nd3 25. Rc2 f4 26. Bf1 Bg4 27. Be2 Bxe2
28. Qxe2 Ne5 29. Qh5 Rdc8 30. Rdc1 Rxc2 31. Rxc2 1/2-1/2

[Event "SV Welper 2 - SG Werl-Wickede 1"]
[Site "Verbandsklasse - Gruppe 2 202"]
[Date "2021.10.24"]
[Round "1.3"]
[White "Lampe, Thomas"]
[Black "Sharma, Danesh"]
[Result "1/2-1/2"]
[WhiteElo "1890"]
[BlackElo "1907"]
[PlyCount "60"]
[EventDate "2021.??.??"]
[WhiteTeam "SG Werl-Wickede 1"]
[BlackTeam "SV Welper 2"]

1. e4 e5 2. f4 exf4 3. Nf3 d5 4. exd5 Nf6 5. c4 c6 6. d4 cxd5 7. Bxf4 Bb4+ 8.
Bd2 Nc6 9. Bxb4 Nxb4 10. Qa4+ Nc6 11. Be2 O-O 12. O-O Qe8 13. Nc3 Qe3+ 14. Kh1
Ng4 15. cxd5 Ne7 16. d6 Nf5 17. d7 Nf2+ 18. Rxf2 Qxf2 19. dxc8=Q Raxc8 20. Rf1
Qe3 21. Bc4 a6 22. Bb3 Rc6 23. Qa5 Ng3+ 24. hxg3 Rh6+ 25. Nh4 Qxg3 26. Qe5
Qxh4+ 27. Kg1 Qh1+ 28. Kf2 Qh4+ 29. Kg1 Qh1+ 30. Kf2 Qh4+ 1/2-1/2

[Event "SV Welper 2 - SG Werl-Wickede 1"]
[Site "Verbandsklasse - Gruppe 2 202"]
[Date "2021.10.24"]
[Round "1.4"]
[White "Heidt, Viktor"]
[Black "Scheibe, Andreas"]
[Result "0-1"]
[WhiteElo "1815"]
[BlackElo "1771"]
[PlyCount "66"]
[EventDate "2021.??.??"]
[WhiteTeam "SV Welper 2"]
[BlackTeam "SG Werl-Wickede 1"]

1. c4 Nf6 2. Nc3 g6 3. e4 d6 4. d4 Bg7 5. Be2 O-O 6. Be3 c6 7. Nf3 Nbd7 8. O-O
Re8 9. Nd2 e5 10. d5 Nf8 11. f3 Nh5 12. g3 f5 13. Bf2 h6 14. b4 Nh7 15. c5 Ng5
16. Qb3 Kh7 17. Nc4 dxc5 18. bxc5 cxd5 19. exd5 e4 20. Nd6 Rf8 21. f4 Nh3+ 22.
Kg2 Nxf2 23. Rxf2 Bd4 24. Rff1 Bxc5 25. Nxb7 Bxb7 26. Qxb7+ Ng7 27. Rfd1 Rb8
28. Qc6 Rc8 29. Qb5 Qd6 30. Rac1 Rb8 31. Qa4 Rb2 32. Rc2 Rfb8 33. Bc4 R8b4 0-1

[Event "SV Welper 2 - SG Werl-Wickede 1"]
[Site "Verbandsklasse - Gruppe 2 202"]
[Date "2021.10.24"]
[Round "1.5"]
[White "Krahn, Reinhard"]
[Black "Leimkuehler, Dirk"]
[Result "1/2-1/2"]
[WhiteElo "1761"]
[BlackElo "1828"]
[PlyCount "194"]
[EventDate "2021.??.??"]
[WhiteTeam "SG Werl-Wickede 1"]
[BlackTeam "SV Welper 2"]

1. e4 d5 2. exd5 Qxd5 3. Nc3 Qd6 4. d4 c6 5. Nf3 Bf5 6. Be3 Nf6 7. h3 Nbd7 8.
Be2 e6 9. Qd2 Nd5 10. Nxd5 exd5 11. Bf4 Qb4 12. c3 Qe7 13. O-O Nf6 14. Rfe1 Ne4
15. Qe3 f6 16. Nh4 Bg6 17. Bd3 Kf7 18. f3 Nc5 19. Qxe7+ Bxe7 20. Bxg6+ hxg6 21.
Rxe7+ Kxe7 22. Nxg6+ Ke6 23. Nxh8 Nd3 24. Bc1 Rxh8 25. Kf1 c5 26. dxc5 Nxc5 27.
Be3 b6 28. Re1 Nd3 29. Re2 Kf5 30. Rd2 Ne5 31. Rxd5 Ke6 32. Rd4 Rc8 33. Kf2 Rc6
34. h4 Nc4 35. Bc1 Nd6 36. g4 a5 37. h5 b5 38. Bf4 Nc4 39. b3 Nb6 40. Bd2 Nd5
41. c4 bxc4 42. bxc4 Nb6 43. Re4+ Kf7 44. Bxa5 Nxc4 45. Bb4 Ne5 46. Kg3 Rc2 47.
a4 Ra2 48. Bc3 Nd3 49. Rc4 Ra3 50. a5 Ra2 51. Rd4 Nc1 52. Rd7+ Ke8 53. Rc7 Ne2+
54. Kh4 Nxc3 55. Rxc3 Rxa5 56. f4 Ra4 57. Kg3 Ra7 58. g5 fxg5 59. fxg5 Kf7 60.
Rf3+ Kg8 61. g6 Ra5 62. Kg4 Ra4+ 63. Kg5 Ra5+ 64. Rf5 Ra1 65. Rb5 Ra8 66. Rd5
Rb8 67. Kf5 Kf8 68. Ke6 Re8+ 69. Kd7 Ra8 70. Rf5+ Kg8 71. Rc5 Kf8 72. Rf5+ Kg8
73. Rd5 Kf8 74. Ke6 Re8+ 75. Kf5 Ra8 76. Kg5 Ra1 77. Re5 Rg1+ 78. Kf5 Rf1+ 79.
Ke6 Ra1 80. Rd5 Ra6+ 81. Rd6 Ra8 82. Kd7 Ra7+ 83. Ke6 Ra8 84. Rc6 Re8+ 85. Kd7
Re7+ 86. Kd6 Re8 87. Rc7 Ra8 88. Rf7+ Kg8 89. Ke6 Ra6+ 90. Kf5 Ra5+ 91. Kg4
Ra4+ 92. Kg5 Ra1 93. Rc7 Ra5+ 94. Kg4 Ra4+ 95. Kf5 Ra8 96. Ke6 Kf8 97. Kd7 Rb8
1/2-1/2

[Event "SV Welper 2 - SG Werl-Wickede 1"]
[Site "Verbandsklasse - Gruppe 2 202"]
[Date "2021.10.24"]
[Round "1.6"]
[White "Hoettler, Alexander Walter"]
[Black "Mueller, Andreas"]
[Result "1-0"]
[WhiteElo "1786"]
[BlackElo "1749"]
[PlyCount "129"]
[EventDate "2021.??.??"]
[WhiteTeam "SV Welper 2"]
[BlackTeam "SG Werl-Wickede 1"]

1. e4 c5 2. Nf3 Nc6 3. d4 cxd4 4. Nxd4 d6 5. c4 g6 6. Nc3 Bg7 7. Be3 Nf6 8. f3
O-O 9. Qd2 Bd7 10. Be2 Nxd4 11. Bxd4 Bc6 12. O-O b6 13. Rfd1 Qd7 14. Rac1 Rac8
15. Be3 Qb7 16. b4 Rfd8 17. b5 Bd7 18. Nd5 Nxd5 19. cxd5 Rxc1 20. Rxc1 Rc8 21.
Bc4 Rc7 22. Qb4 Qc8 23. a4 h5 24. Kf2 f5 25. Ke2 fxe4 26. fxe4 Bg4+ 27. Kd3 Kh7
28. h3 Bd7 29. Qe1 Bh6 30. Bxh6 Kxh6 31. Qe3+ Kg7 32. Qd4+ Kg8 33. Qe3 Kg7 34.
Rc2 Be8 35. Qd4+ Kg8 36. Rf2 Bf7 37. Rf4 Rc5 38. Rf1 Qd7 39. Qf2 Qe8 40. Qf4
Rc7 41. g4 e5 42. Qg3 Qc8 43. Rc1 Kh7 44. gxh5 gxh5 45. Rg1 Qg8 46. Qf2 Bg6 47.
Qe3 Rf7 48. Kd2 Rf4 49. Bd3 Qf7 50. Rg3 Rf2+ 51. Be2 Qf4 52. Kd3 Bxe4+ 53.
Qxe4+ Qxe4+ 54. Kxe4 Rxe2+ 55. Kf5 e4 56. Ke6 e3 57. Kxd6 Re1 58. Ke6 h4 59.
Rg4 e2 60. Rxh4+ Kg7 61. Re4 Kf8 62. d6 Ke8 63. d7+ Kd8 64. Rc4 Rc1 65. Rxc1
1-0

[Event "SV Welper 2 - SG Werl-Wickede 1"]
[Site "Verbandsklasse - Gruppe 2 202"]
[Date "2021.10.24"]
[Round "1.7"]
[White "Huegel, Guido"]
[Black "Wallhof, Dieter"]
[Result "0-1"]
[WhiteElo "1768"]
[BlackElo "1820"]
[PlyCount "166"]
[EventDate "2021.??.??"]
[WhiteTeam "SG Werl-Wickede 1"]
[BlackTeam "SV Welper 2"]

1. e4 Nf6 2. Nc3 d5 3. exd5 Nxd5 4. Nxd5 Qxd5 5. Qf3 e6 6. Qxd5 exd5 7. d4 Bf5
8. c3 Bd6 9. Be3 O-O 10. O-O-O Nd7 11. Nf3 Nb6 12. Nd2 a5 13. c4 dxc4 14. Nxc4
Nxc4 15. Bxc4 c6 16. Bd3 Be6 17. Kb1 Bd5 18. f3 Rfe8 19. Bd2 h6 20. Rde1 b6 21.
h3 Bg3 22. Rxe8+ Rxe8 23. Rd1 h5 24. b3 h4 25. Bc3 g6 26. Kc2 Bf2 27. Bc4 Rd8
28. Bf1 Be6 29. Bd3 Rd7 30. Be4 Bd5 31. Bxd5 Rxd5 32. Rd2 Bg3 33. a4 f6 34. Re2
Kf7 35. Bb2 Bd6 36. Kc3 b5 37. axb5 cxb5 38. Kd3 Bb4 39. Bc3 Bxc3 40. Kxc3 Rd7
41. Re1 g5 42. Re2 Rc7+ 43. Kb2 b4 44. Re1 Rd7 45. Rd1 Ke6 46. Rd3 Kd5 47. Re3
Rd6 48. Rd3 Kc6 49. Kc2 Kb5 50. Re3 a4 51. bxa4+ Kxa4 52. Rd3 Kb5 53. Kb3 Ra6
54. Rd2 Ra3+ 55. Kb2 Kc6 56. d5+ Kd6 57. Rd4 Re3 58. Rd2 Re5 59. Rf2 Kxd5 60.
f4 Rf5 61. Rd2+ Ke4 62. fxg5 fxg5 63. Kb3 Ke3 64. Rd7 Kf2 65. Rd2+ Kg3 66. Kxb4
Rf2 67. Rd5 Kxg2 68. Rxg5+ Kxh3 69. Kc3 Re2 70. Kd3 Re7 71. Rg6 Kh2 72. Rg5 h3
73. Rg6 Re1 74. Kd2 Rg1 75. Re6 Rg7 76. Re3 Kg2 77. Re2+ Kg3 78. Re3+ Kg4 79.
Re4+ Kg3 80. Re3+ Kh4 81. Ke1 h2 82. Re4+ Kh5 83. Re5+ Rg5 0-1

[Event "SV Welper 2 - SG Werl-Wickede 1"]
[Site "Verbandsklasse - Gruppe 2 202"]
[Date "2021.10.24"]
[Round "1.8"]
[White "Sharma, Rakesh"]
[Black "Siebert, Michael"]
[Result "1-0"]
[WhiteElo "1762"]
[BlackElo "1391"]
[PlyCount "81"]
[EventDate "2021.??.??"]
[WhiteTeam "SV Welper 2"]
[BlackTeam "SG Werl-Wickede 1"]

1. d4 Nf6 2. Bg5 Ne4 3. Bf4 d5 4. e3 e6 5. Bd3 Nf6 6. Nf3 Bd6 7. Bg3 c5 8. c3
c4 9. Bc2 Nc6 10. Nbd2 b5 11. e4 Bxg3 12. hxg3 Qe7 13. e5 Nd7 14. Nh4 Nf8 15.
f4 b4 16. Qf3 bxc3 17. bxc3 Qa3 18. Nxc4 Nxd4 19. cxd4 Qxf3 20. Nd6+ Ke7 21.
Nxf3 f6 22. Kd2 Ba6 23. Bd3 Bxd3 24. Kxd3 Nd7 25. Rhc1 Nb6 26. Rc7+ Nd7 27. Rb1
Rhb8 28. Rbb7 Rxb7 29. Nxb7 Rb8 30. Nc5 Rd8 31. Rxd7+ Rxd7 32. Nxd7 Kxd7 33.
Kc3 Kc6 34. Ne1 Kb5 35. Kb3 a5 36. a4+ Kb6 37. Nd3 Kc6 38. Nc5 fxe5 39. fxe5 g6
40. Nxe6 Kd7 41. Nf8+ 1-0

[Event "SV Eichlinghofen 2 - SK Germania Kupfer"]
[Site "Verbandsklasse - Gruppe 2 202"]
[Date "2021.10.24"]
[Round "1.1"]
[White "Schaefer, Johannes"]
[Black "Zachos, Ingo"]
[Result "1-0"]
[WhiteElo "1772"]
[BlackElo "1958"]
[PlyCount "61"]
[EventDate "2021.??.??"]
[WhiteTeam "SK Germania Kupferdreh 1"]
[BlackTeam "SV Eichlinghofen 2"]

1. e4 d6 2. d4 Nf6 3. Nc3 g6 4. Bf4 c6 5. Qd2 Qa5 6. O-O-O Bg7 7. f3 O-O 8. Kb1
Re8 9. g4 c5 10. d5 a6 11. h4 h5 12. Bh6 b5 13. Nh3 hxg4 14. Bxg7 Kxg7 15. Nf4
c4 16. h5 Rh8 17. Bg2 b4 18. Nce2 g5 19. h6+ Kh7 20. Nh5 Nxh5 21. Qxg5 Rg8 22.
Qxh5 Rf8 23. Qg5 Rg8 24. Qxe7 Qd8 25. Qxf7+ Kh8 26. Nf4 Qd7 27. Ng6+ Rxg6 28.
Qxg6 Ra7 29. Qf6+ Kh7 30. fxg4 Qf7 31. Qxd6 1-0